00265nam a2200097Ia 4500082000800000245002600008100006600034942000700100008004100107999001900148 aLIN 0aMisterie van die nag  a LINGUA, Susanna M. (Susanna Myburgh) Pretoria, 1995  cBK210817s9999 xx 000 0 und d c373697d373695